<?xml version="1.0" encoding="UTF-8"?><?xml-stylesheet type="text/xsl" href="static/style.xsl"?><OAI-PMH xmlns="http://www.openarchives.org/OAI/2.0/" xmlns:xsi="http://www.w3.org/2001/XMLSchema-instance" xsi:schemaLocation="http://www.openarchives.org/OAI/2.0/ http://www.openarchives.org/OAI/2.0/OAI-PMH.xsd"><responseDate>2026-04-14T04:48:41Z</responseDate><request verb="GetRecord" identifier="oai:www.recercat.cat:20.500.12328/1325" metadataPrefix="marc">https://recercat.cat/oai/request</request><GetRecord><record><header><identifier>oai:recercat.cat:20.500.12328/1325</identifier><datestamp>2025-05-16T12:56:07Z</datestamp><setSpec>com_2072_67741</setSpec><setSpec>col_2072_484352</setSpec></header><metadata><record xmlns="http://www.loc.gov/MARC21/slim" xmlns:dcterms="http://purl.org/dc/terms/" xmlns:xsi="http://www.w3.org/2001/XMLSchema-instance" xmlns:doc="http://www.lyncode.com/xoai" xsi:schemaLocation="http://www.loc.gov/MARC21/slim http://www.loc.gov/standards/marcxml/schema/MARC21slim.xsd">
   <leader>00925njm 22002777a 4500</leader>
   <datafield ind2=" " ind1=" " tag="042">
      <subfield code="a">dc</subfield>
   </datafield>
   <datafield ind2=" " ind1=" " tag="720">
      <subfield code="a">Escribano, Xavier</subfield>
      <subfield code="e">author</subfield>
   </datafield>
   <datafield ind2=" " ind1=" " tag="260">
      <subfield code="c">2010</subfield>
   </datafield>
   <datafield ind2=" " ind1=" " tag="520">
      <subfield code="a">El punto de partida del presente trabajo es el interrogante —formulado en términos&#xd;
de Bernhard Waldenfels— acerca de cómo es posible responder adecuadamente&#xd;
a aquello que se nos presenta como extraño. A propósito de esta cuestión —&#xd;
y siguiendo la inspiración del filósofo Maurice Merleau-Ponty y la del sociólogo Richard&#xd;
Sennet— se subraya la importancia de aquellas disposiciones, previas al discurso&#xd;
teórico, que configuran la percepción sensorial del otro. Dada la estrecha conexión&#xd;
existente entre la insensibilidad sensorial —fomentada por el diseño urbanístico&#xd;
de las grandes ciudades— y la indiferencia ética respecto al destino de los&#xd;
otros, se concluye con Sennet que la experiencia del dolor o de la propia insuficiencia&#xd;
es decisiva para la posibilidad de una cultura cívica entre miembros de culturas&#xd;
extrañas.</subfield>
   </datafield>
   <datafield ind2=" " ind1=" " tag="520">
      <subfield code="a">The basis of this paper is the question —as formulated by Bernhard Waldenfels—&#xd;
how it is possible to answer adequately to what appears strange to us. As&#xd;
regards this question —following in the footsteps of the philosopher Maurice Merleau-&#xd;
Ponty and the sociologist Richard Sennet— we underline the importance of&#xd;
remarking on the factors, before embarking on the theoretical discourse, that shape&#xd;
the sensory perception of the other. Because of the close link that exists between&#xd;
sensory insensibility –nurtured by the urban layout of the big cities— and the ethical&#xd;
indifference in respect of the destiny of others, we conclude with Sennet that&#xd;
the experience of pain or of one’s own insufficiency is decisive in making possible a&#xd;
civic culture among the members of strange cultures.</subfield>
   </datafield>
   <datafield ind1="8" ind2=" " tag="024">
      <subfield code="a">Escribano López, Xavier. «Por mi dolor comprendo... el reconocimiento del dolor en la ciudad multicultural». Investigaciones Fenomenológicas, 2010, vol. 7, p. 249-260. Disponible en: &lt;http://revistas.uned.es/index.php/rif/article/view/5541>. Fecha de acceso: 14 nov. 2019. DOI: 10.5944/rif.7.2010.5541</subfield>
   </datafield>
   <datafield ind1="8" ind2=" " tag="024">
      <subfield code="a">1137-2400</subfield>
   </datafield>
   <datafield ind1="8" ind2=" " tag="024">
      <subfield code="a">http://hdl.handle.net/20.500.12328/1325</subfield>
   </datafield>
   <datafield ind1="8" ind2=" " tag="024">
      <subfield code="a">https://doi.org/10.5944/rif.7.2010.5541</subfield>
   </datafield>
   <datafield tag="653" ind2=" " ind1=" ">
      <subfield code="a">Fenomenologia</subfield>
   </datafield>
   <datafield tag="653" ind2=" " ind1=" ">
      <subfield code="a">Fenomenología</subfield>
   </datafield>
   <datafield tag="653" ind2=" " ind1=" ">
      <subfield code="a">Phenomenology</subfield>
   </datafield>
   <datafield tag="653" ind2=" " ind1=" ">
      <subfield code="a">Dolor</subfield>
   </datafield>
   <datafield tag="653" ind2=" " ind1=" ">
      <subfield code="a">Pain</subfield>
   </datafield>
   <datafield tag="653" ind2=" " ind1=" ">
      <subfield code="a">Sociologia fenomenològica</subfield>
   </datafield>
   <datafield tag="653" ind2=" " ind1=" ">
      <subfield code="a">Phenomenological sociology</subfield>
   </datafield>
   <datafield tag="653" ind2=" " ind1=" ">
      <subfield code="a">Sociología--Filosofía</subfield>
   </datafield>
   <datafield ind2="0" ind1="0" tag="245">
      <subfield code="a">Por mi dolor comprendo... el reconocimiento del dolor en la ciudad multicultural</subfield>
   </datafield>
</record></metadata></record></GetRecord></OAI-PMH>